|
|
|
|
| LEADER |
00000cam a2200000 7i4500 |
| 001 |
0000069397 |
| 005 |
20170514.0 |
| 008 |
170118 |
| 020 |
|
|
|a 9789830683669 (SET)
|
| 020 |
|
|
|a 9789830683690
|
| 090 |
0 |
0 |
|a SC
|b MAL
|
| 100 |
0 |
|
|a Gifford, Clive
|
| 245 |
1 |
0 |
|a Bahan
|c Clive Gifford
|
| 260 |
|
|
|a Kuala Lumpur :
|b Institut Terjemahan Negara Malaysia ,
|c 2009
|
| 300 |
|
|
|a 48pg. :
|b 25.5 cm
|
| 490 |
1 |
|
|a Siri penerokaan sains ITNM
|
| 500 |
|
|
|a Children ages 10-12 years old (pink)
|
| 650 |
|
0 |
|a Materials
|x Juvenile litreature
|
| 650 |
|
0 |
|a Science
|x children's stories
|
| 999 |
|
|
|a 0001427787
|b Book
|c Children Collection
|e Cawangan Taman Universiti
|
| 999 |
|
|
|a 0001427788
|b Book
|c Children Collection
|e Cawangan Taman Sri Lambak
|
| 999 |
|
|
|a 0001427789
|b Book
|c Children Collection
|e Cawangan Bukit Gambir
|
| 999 |
|
|
|a 0001427790
|b Book
|c Children Collection
|e Cawangan Pontian
|
| 999 |
|
|
|a 0001427791
|b Book
|c Children Collection
|e Cawangan Segamat
|
| 999 |
|
|
|a 0001427792
|b Book
|c Teenagers
|e Cawangan Bandar Tenggara
|
| 999 |
|
|
|a 0001427793
|b Book
|c Children Collection
|e Cawangan Kota Tinggi
|
| 999 |
|
|
|a 0001427794
|b Book
|c Children Collection
|e Cawangan Tmn. Ungku Tun Aminah
|
| 999 |
|
|
|a 0001427795
|b Book
|c Children Collection
|e Cawangan Mersing
|
| 999 |
|
|
|a 0001427796
|b Book
|c Adult Collection
|e Cawangan Bandar Penawar
|
| 999 |
|
|
|a 0001427797
|b Book
|c Children Collection
|e Cawangan Tangkak
|
| 999 |
|
|
|a 0001427798
|b Book
|c Children Collection
|e Cawangan Batu Pahat
|
| 999 |
|
|
|a 0001427799
|b Book
|c Children Collection
|e Cawangan Muar
|
| 999 |
|
|
|a 0001427800
|b Book
|c Children Collection
|e Cawangan Sri Merlong
|
| 999 |
|
|
|a 0001428510
|b Book
|c Children Collection
|e Cawangan Urban Transformation Centre
|
| 999 |
|
|
|a 0001428511
|b Book
|c Children Collection
|e Cawangan AEON Kulaijaya
|
| 999 |
|
|
|a 0001428512
|b Book
|c Children Collection
|e Perbadanan Perpustakaan Awam Johor
|
| 999 |
|
|
|a 0001428513
|b Book
|c Children Collection
|e Perbadanan Perpustakaan Awam Johor
|